000 00672nam a2200265Ia 4500
005 20260306163944.0
008 008 260114s9999 xx 000 0 eng d
020 _a9781399509435
037 _aEBOOK
040 _aCRL
040 _beng
040 _cCRL
041 _2eng
041 _aeng
084 _qCRL
100 _aPeters
245 2 _aA Theological Jurisprudence Of Speculative Cinema: Superheroes, Science Fictions And Fantasies Of Modern Law
260 _bEdinburgh University Press
260 _c2022
650 _aLaw
856 _uhttps://academic.oup.com/book/42195
942 _cEBOOK
999 _c1712171
_d1712171